UBT Library

EVIDENTIARY FOUNDATIONS (Record no. 58736)

000 -LEADER
fixed length control field 00334nam a22001457a 4500
008 - FIXED-LENGTH DATA ELEMENTS--GENERAL INFORMATION
fixed length control field 221104b ||||| |||| 00| 0 eng d
020 ## - INTERNATIONAL STANDARD BOOK NUMBER
International Standard Book Number 9781422425145
041 ## - LANGUAGE CODE
Language code of text/sound track or separate title eng
080 ## - UNIVERSAL DECIMAL CLASSIFICATION NUMBER
Edition identifier SEVENTH EDITION
Universal Decimal Classification number 33
082 ## - DEWEY DECIMAL CLASSIFICATION NUMBER
Classification number 33
100 ## - Rafti
Rafti 22.1
101 ## - Shkurtesa
Shkurtesa BIZ
245 ## - TITLE STATEMENT
Title EVIDENTIARY FOUNDATIONS
Statement of responsibility, etc IMWINKELRIED E
942 ## - ADDED ENTRY ELEMENTS (KOHA)
Source of classification or shelving scheme
Item type Books
Holdings
Withdrawn status Lost status Source of classification or shelving scheme Damaged status Not for loan Collection code Permanent location Current location Date acquired Total Checkouts Full call number Barcode Date last seen Price effective from Koha item type
          Koleksioni i përgjithshem UBT - Lipjan UBT - Lipjan 11/04/2022   33 IMW 002-800028700260434 11/04/2022 11/04/2022 Books
          Koleksioni i përgjithshem UBT - Lipjan UBT - Lipjan 11/04/2022   33 IMW 002-800028700260435 11/04/2022 11/04/2022 Books
UBT Library © 2015-2024. All rights reserved University Education for Business and Technology